000 00514nam a2200181Ia 4500
008 090123s9999 xx 000 0 und d
082 _b2565
_a891.463/फडके
100 _aफडके कमला
245 _aपाचवं पाऊल
250 _a1
260 _bसुलभ मु.
_c1972
300 _a164
600 _aफडके कमला
630 _aपाचवं पाऊल
700 _aफडके कमला
730 _aपाचवं पाऊल
942 _cBOOK
999 _c40649
_d40649